00985nam a2200229 a 4500001001000000003000500010005001700015008004100032010001100073011001100084040000900095100003800104245017000142260004100312500006000353502010800413650003600521650002500557650005700582650004600639856007000685000113216CHAP20220329144344.0170517s2017 mx a fsm |||||||spa d a109677 a110649 cCHAP1 aMartínez Martínez, Atzintlali10aIdentificación de hongos causantes de enfermedades foliares del Agave spp. en la región del Mezcal, Oaxaca /h[En línea]cpor Atzintlali Martínez Martínez. aChapingo, Méx. :bEl autor,c2017. aPara ver el contenido del material haga clic en la liga aTesis (Ing. Agr. Esp. en Parasitología Agrícola) --UACH. Departamento de Parasitología Agrícola14aAgavexEnfermedades por hongos.14aAgavexMejoramiento.14aHongos fitopatógenosxFisiología y morfología.14aHongos fitopatógenosxIdentificación. aFinding aiduhttp://10.13.5.2/tesis/sist113216.pdfzTeclea aquí